|
|
|
|
| LEADER |
00000cab a2200000 a 4500 |
| 001 |
66712 |
| 003 |
Ucuenca |
| 005 |
20230308222241.0 |
| 008 |
995112| ||||||||r|||||||||||spa|| |
| 022 |
|
|
|a 008-7157
|
| 040 |
|
|
|b spa
|
| 041 |
0 |
|
|a spa
|
| 082 |
0 |
|
|a 050
|b C296c
|
| 100 |
1 |
|
|a Russotto, Márgara
|9 186579
|
| 245 |
|
0 |
|a Identidad, espacio y otras afinidades culturales en la nnarrativa de Margaret Atwood
|c Casa de las Américas
|h imp
|
| 264 |
|
|
|a La Habana
|b Casa de las Américas
|c Julio-septiembre de 1994
|
| 300 |
|
|
|a páginas: 23-29
|
| 362 |
|
|
|a Año XXXV, no. 196 (Julio-Septiembre de 1994)
|
| 650 |
|
|
|a Atwood margaret
|9 186580
|
| 650 |
|
|
|a Literatura cubana
|9 4820
|
| 650 |
|
|
|a Revista casa de las americas
|9 101794
|
| 852 |
|
|
|a UC-CDJBV
|f Donación
|l 1
|m General
|p 19951124
|q 0.20
|r 2
|t 66712
|b 0
|d CDRC
|e CDRC
|g 050 C296c TERCER PISO (SECCION REVISTAS)
|z 1995-51-12
|
| 942 |
|
|
|c SERA
|
| 773 |
0 |
|
|0 149878
|9 127350
|a Casa de las Américas
|d La Habana Casa de las Américas Julio-septiembre de 1994
|o 66712
|t Casa de las Américas
|w (Ucuenca)66712
|x 008-7157
|
| 999 |
|
|
|c 140173
|d 140173
|